Ursula K. Le Guin /

Bibliographic Details
Other Authors: Olander, Joseph D., Greenberg, Martin Harry
Format: Book
Language:English
Published: New York : Taplinger Pub. Co., 1979.
Edition:1st ed.
Series:Writers of the 21st century.
Subjects:

MARC

Tag First Indicator Second Indicator Subfields
LEADER 00000pam a2200000 i 4500
001 in00000038793
005 20151007081306.0
008 780623s1979 nyu b 00100 eng
010 |a  77076722  
020 |a 0800879430 :  |c $10.95 
020 |a 0800879422 (pbk.) :  |c $5.95 
035 |a (OCoLC)04057381 
035 |9 AAF6162AM 
040 |a DLC  |c DLC  |d TXA  |d UtOrBLW 
043 |a n-us--- 
049 |a TXAM [Also in] [Sp Coll]  |c 1 [1190485]  |a TXAS  |c 2 [1404774] 
050 0 0 |a PS3562.E42  |b Z95 
082 0 |a 813/.5/4 
245 0 0 |a Ursula K. Le Guin /  |c edited by Joseph D. Olander and Martin Harry Greenberg. 
250 |a 1st ed. 
264 1 |a New York :  |b Taplinger Pub. Co.,  |c 1979. 
300 |a 258 pages ;  |c 22 cm. 
336 |a text  |b txt  |2 rdacontent 
337 |a unmediated  |b n  |2 rdamedia 
338 |a volume  |b nc  |2 rdacarrier 
490 1 |a Writers of the 21st century 
500 |a Includes index. 
504 |a Bibliography: pages 241-246. 
600 1 0 |a Le Guin, Ursula K.,  |d 1929-  |x Criticism and interpretation. 
650 0 |a Science fiction, American  |x History and criticism. 
700 1 |a Olander, Joseph D. 
700 1 |a Greenberg, Martin Harry. 
830 0 |a Writers of the 21st century. 
999 |a MARS 
999 f f |s f86d7aac-7d84-358a-b573-0ef3bd1445e5  |i 537bdd35-00ce-3e24-82da-763b47f9ee66  |t 0 
952 f f |p normal  |a Texas A&M University  |b College Station  |c Sterling C. Evans Library  |s Evans stk  |d Evans: Library Stacks  |t 0  |e PS3562.E42 Z95  |h Library of Congress classification  |i unmediated -- volume  |m A14804126009 
998 f f |a PS3562.E42 Z95  |t 0  |l Evans: Library Stacks